000
00244nam a22000857a 4500
999
_c
11746
_d
11746
008
200113b ||||| |||| 00| 0 eng d
100
_a
0590447394
_9
7433
245
_a
Animals Should Definitely not wear clothing
260
_a
New York
_b
Scholastic
_c
1991